LDR 00646naa#a2200193#i#450# 001 EN\\bibl\111307 005 20260517132656.7 011 ## _a2782-490X 100 ## _a20251230b2025####ek#y0engy0150####ca 101 0# _aRUS 102 ## _aRU 200 1# _aPRODUCTIVITY POTENTIAL OF CHICKPEA VARIETIES IN KAMA REGION OF THE REPUBLIC OF TATARSTAN _eJournal article 210 1# _aKazan _cKazan state agrarian University _d2025 215 ## _a5 с. 608 ## _aJournal article _2local 675 ## _aПрочие кормовые растения. 633.3 _zRUS 700 #1 _aSabirova _gRazina Mavletgaraevna 700 #1 _aAkenshaeva _gAykanysh Zhusupbekovna 856 4# _anaukaru.ru _u